UBT Library

Oracle JDeveloper 10g for forms & PL/SQL developers / (Record no. 693)

000 -LEADER
fixed length control field 00883nam a22002657a 4500
005 - DATE AND TIME OF LATEST TRANSACTION
control field 20150414093118.0
008 - FIXED-LENGTH DATA ELEMENTS--GENERAL INFORMATION
fixed length control field 070726s2007 nyua 001 0 eng d
020 ## - INTERNATIONAL STANDARD BOOK NUMBER
International Standard Book Number 9780072259605
041 0# - LANGUAGE CODE
Language code of text/sound track or separate title eng
080 ## - UNIVERSAL DECIMAL CLASSIFICATION NUMBER
Universal Decimal Classification number 004
100 1# - Rafti
Rafti Koletzke, Peter.
245 10 - TITLE STATEMENT
Title Oracle JDeveloper 10g for forms & PL/SQL developers /
Statement of responsibility, etc Peter Koletzke, Duncan Mills.
246 14 - VARYING FORM OF TITLE
Title proper/short title Oracle JDeveloper 10g for forms & PL/SQL developers :
Remainder of title a guide to J2ee development with Oracle ADF
246 3# - VARYING FORM OF TITLE
Title proper/short title Oracle JDeveloper 10g for forms and PL/SQL developers
246 3# - VARYING FORM OF TITLE
Title proper/short title Guide to J2ee development with Oracle ADF
260 ## -
-- New York :
-- McGraw-Hill,
-- 2007.
300 ## -
-- 562 f. :
-- me il.;
-- 23 cm.
505 ## -
-- Index: f. 541 - 562
630 00 -
-- Oracle JDeveloper,
650 #0 -
-- Kompjuterat
650 #0 -
-- Gjuha programuese
650 #0 -
-- Software
700 1# -
-- Mills, Duncan.
942 ## - ADDED ENTRY ELEMENTS (KOHA)
Source of classification or shelving scheme
Item type Books

No items available.

UBT Library © 2015-2024. All rights reserved University Education for Business and Technology